Kitāb quṭr al-muḥiṭ. (Record no. 49694)

MARC details
000 -LEADER
fixed length control field 00559cam a22002051 4500
001 - CONTROL NUMBER
control field ne 67001238
003 - CONTROL NUMBER IDENTIFIER
control field DLC
005 - DATE AND TIME OF LATEST TRANSACTION
control field 20260227111833.0
008 - FIXED-LENGTH DATA ELEMENTS--GENERAL INFORMATION
fixed length control field 890331s1966 xx d 000 0 ara
010 ## - LIBRARY OF CONGRESS CONTROL NUMBER
LC control number ne 67001238
035 ## - SYSTEM CONTROL NUMBER
System control number (OCoLC)23499197
040 ## - CATALOGING SOURCE
Original cataloging agency DLC
Transcribing agency MiU
Modifying agency DLC
050 00 - LIBRARY OF CONGRESS CALL NUMBER
Classification number PJ6622
Item number .B83 1869a
100 1# - MAIN ENTRY--PERSONAL NAME
Personal name Bustānī, Buṭrus ibn Būlus,
Dates associated with a name 1818 or 1819-1882 or 1883.
245 10 - TITLE STATEMENT
Title Kitāb quṭr al-muḥiṭ.
260 ## - PUBLICATION, DISTRIBUTION, ETC.
Date of publication, distribution, etc. [1966]
300 ## - PHYSICAL DESCRIPTION
Extent 2 v. (2452 p.)
Dimensions 21 cm.
500 ## - GENERAL NOTE
General note Romanized.
650 #0 - SUBJECT ADDED ENTRY--TOPICAL TERM
Topical term or geographic name entry element Arabic language
General subdivision Dictionaries

No items available.

Powered by Koha